000 00661nam a2200229 a 4500
005 20140310183619.0
008 130408s19uu xx 00 eng d
020 _a9789812728630
050 _aRT 87.T45
_b.P37 2010
100 _aLugton, Jean
245 _aPalliative care :
_bthe nursing role /
_cedited by Jean Lugton, Rosemary McIntyre.
250 _a2nd ed.
260 _aEdinburgh :
_bElsevier / Churchill Livingstone,
_cc2010..
300 _ax, 423 p. :
_c23 cm.
521 _aNUR
650 _aNursing
650 _aPalliative treatment
650 _aTerminal care
700 _aMcIntyre, Rosemary
942 _cBK
_2lcc
_kFOR
999 _c25370
_d25370